Le commentaire composé et la dissertation en lettres à l'université : Analyser le sujet, Construire son argumentation, Rédiger son texte (notice n° 2198386)

détails MARC
000 -LEADER
fixed length control field 01233cam a2200145 4500500
005 - DATE AND TIME OF LATEST TRANSACTION
control field 20260405085537.0
041 ## - LANGUAGE CODE
Language code of text/sound track or separate title fre
042 ## - AUTHENTICATION CODE
Authentication code dc
100 10 - MAIN ENTRY--PERSONAL NAME
Personal name Faerber, Johan
Relator term author
245 00 - TITLE STATEMENT
Title Le commentaire composé et la dissertation en lettres à l'université : Analyser le sujet, Construire son argumentation, Rédiger son texte
260 ## - PUBLICATION, DISTRIBUTION, ETC.
Name of publisher, distributor, etc. Armand Colin,<br/>
Date of publication, distribution, etc. 2017.<br/>
520 ## - SUMMARY, ETC.
Summary, etc. Comment réussir ses épreuves en lettres à l’université dès sa première année  ? Les auteurs proposent des méthodes pour élaborer son commentaire de texte et sa dissertation en livrant, pas à pas, les étapes clefs de chacun de ces deux exercices. Ils offrent de véritables outils pour élaborer un plan pertinent dans l’étude d’un texte ou d’un sujet de dissertation. Une fois ces réflexes acquis vous pourrez développer votre sensibilité et culture littéraire sans courir le risque du hors-sujet. Vous trouverez en complément en ligne une anthologie des textes littéraires utilisés par les auteurs lors des divers commentaires.
700 10 - ADDED ENTRY--PERSONAL NAME
Personal name Marcandier, Christine
Relator term author
856 41 - ELECTRONIC LOCATION AND ACCESS
Uniform Resource Identifier <a href="https://shs.cairn.info/le-commentaire-compose-et-dissertation-en-lettres--9782200614652?lang=fr&redirect-ssocas=7080">https://shs.cairn.info/le-commentaire-compose-et-dissertation-en-lettres--9782200614652?lang=fr&redirect-ssocas=7080</a>

Pas d'exemplaire disponible.

PLUDOC

PLUDOC est la plateforme unique et centralisée de gestion des bibliothèques physiques et numériques de Guinée administré par le CEDUST. Elle est la plus grande base de données de ressources documentaires pour les Étudiants, Enseignants chercheurs et Chercheurs de Guinée.

Adresse

627 919 101/664 919 101

25 boulevard du commerce
Kaloum, Conakry, Guinée

Réseaux sociaux

Powered by Netsen Group @ 2025